Loading...
| History - Other | 0 | 3 | 0 | 0 | 30 | 116 | 121.33 | 0 | 0 | 0.64 | 5.68 |
| Science - Biology | 0 | 3 | 0 | 0 | 30 | 41 | 59.33 | 0 | 3 | 12.57 | 21.59 |
| Fine Arts - Other | 0 | 3 | 0 | 1 | 30 | 118 | 132.67 | 0 | 1 | 1.26 | 9.09 |
| Literature - European | 0 | 3 | 0 | 0 | 30 | 98 | 124.00 | 0 | 1 | 3.21 | 14.77 |
| Social Science | 0 | 2 | 0 | 1 | 20 | 95 | 97.50 | 0 | 0 | 1.17 | 4.55 |
| History - European | 0 | 2 | 0 | 1 | 20 | 76 | 101.00 | 0 | 1 | 3.47 | 3.41 |
| History - World | 0 | 2 | 0 | 0 | 20 | 96 | 107.50 | 0 | 0 | 2.11 | 5.68 |
| Literature - American | 0 | 2 | 0 | 0 | 20 | 102 | 114.00 | 0 | 1 | 4.02 | 10.23 |
| Literature - British | 0 | 2 | 0 | 0 | 20 | 72 | 77.50 | 0 | 1 | 8.14 | 11.36 |
| Religion | 0 | 2 | 1 | 0 | 15 | 96 | 98.50 | 0 | 2 | 2.78 | 13.64 |
| Fine Arts - Painting and Sculpture | 0 | 1 | 0 | 0 | 10 | 106 | 106.00 | 0 | 1 | 1.38 | 6.82 |
| Literature - World | 0 | 1 | 0 | 1 | 10 | 138 | 138.00 | 0 | 0 | 0.00 | 1.14 |
| Philosophy | 0 | 1 | 0 | 0 | 10 | 125 | 125.00 | 0 | 1 | 0.00 | 1.14 |
| Popular Culture | 0 | 1 | 0 | 0 | 10 | 123 | 123.00 | 0 | 0 | 6.99 | 12.50 |
| Current Events | 0 | 1 | 0 | 0 | 10 | 105 | 105.00 | 0 | 0 | 4.17 | 8.33 |
| Fine Arts - Classical Music | 0 | 1 | 0 | 0 | 10 | 123 | 123.00 | 0 | 0 | 0.15 | 1.14 |
| Science - Other | 0 | 1 | 0 | 0 | 10 | 120 | 120.00 | 0 | 0 | 0.00 | 1.14 |
| Science - Chemistry | 0 | 1 | 1 | 0 | 5 | 84 | 84.00 | 0 | 0 | 1.22 | 1.14 |
| History - American | 0 | 0 | 0 | 0 | 0 | 0.00 | 0 | 0 | 0.00 | 0.00 | |
| Other Academic | 0 | 0 | 0 | 0 | 0 | 0.00 | 0 | 0 | 0.00 | 0.00 | |
| Science - Physics | 0 | 0 | 0 | 0 | 0 | 0.00 | 0 | 0 | 0.00 | 0.00 |